Schnelle Mathematik - Potenzrechnen Level 03 - Statistiken

Allgemein
  • Dieses Quiz wurde 193 mal gespielt
  • Das Durchschnittsergebnis liegt bei 19 aus 20
Antwortstatistiken
Zahl Ergebnis % Korrekt
1
100%
1
100%
3⁰ 1
100%
10¹ 10
100%
10² 100
100%
10³ 1000
100%
2⁴ 16
100%
16
100%
2
100%
25
100%
4
100%
4
100%
6
100%
3⁴ 81
100%
9
100%
0
97%
0
96%
2⁰ 1
96%
5⁰ 1
96%
10⁰ 1
96%
8
96%
9⁰ 1
95%
27
95%
2⁵ 32
95%
36
95%
49
95%
8
95%
0
94%
64
94%
7
93%
9
93%
8⁰ 1
92%
5
92%
2⁷ 128
91%
1⁰ 1
90%
4⁰ 1
90%
7⁰ 1
90%
125
90%
81
90%
1
89%
6⁰ 1
88%
2⁹ 512
88%
2⁶ 64
88%
3
87%
216
86%
2⁸ 256
86%
3⁵ 243
85%
343
81%
5⁴ 625
79%
64
78%
3⁶ 729
78%
4⁴ 256
77%
729
76%
512
71%
Keine übereinstimmenden Quizze gefunden
Verteilung der Resultate
Anzahl Personen mit jedem Resultat
Perzentil nach korrekt beantworteten Fragen
Ihre Resultats-Entwicklung
Sie haben dieses Quiz noch nicht gespielt